|
|
|
|
| LEADER |
01476nam a2200277 a 4500 |
| 001 |
15132206 |
| 008 |
091217s2007 bg b 100 0 eng d |
| 010 |
|
|
|a 2007341981
|
| 020 |
|
|
|a 9840802275
|
| 040 |
|
|
|a DLC
|c DLC
|d BD-DhAAL
|
| 082 |
0 |
0 |
|a 303.6/0954
|2 21
|
| 111 |
2 |
|
|a Seminar on Global War on Terror: Bangladesh Perspective
|d (2007 :
|c Dhaka, Bangladesh)
|
| 245 |
1 |
0 |
|a Global war on terror :
|b Bangladesh perspective /
|c edited by Mufleh R. Osmany, Mohammad Humayun Kabir.
|
| 260 |
|
|
|a Dhaka :
|b Academic Press and Publishers Library in association with Bangladesh Institute of International and Strategic Studies,
|c 2007.
|
| 300 |
|
|
|a x, 182 p. ;
|c 23 cm.
|
| 500 |
|
|
|a Copyright: Bangladesh Institute of International and Strategic Studies.
|
| 520 |
|
|
|a Papers presented at the Seminar on Global War on Terror: Bangladesh Perspective, held in Dhaka, Bangladesh in 2007; organized by Bangladesh Institute of International and Strategic Studies.
|
| 504 |
|
|
|a Includes bibliographical references.
|
| 541 |
1 |
|
|e 00016625
|
| 650 |
|
0 |
|a Terrorism
|z Bangladesh
|v Congresses.
|
| 700 |
1 |
|
|a Osmany, Mufleh R.
|
| 700 |
1 |
|
|a Kabir, Mohammad Humayun.
|
| 710 |
2 |
|
|a Bangladesh Institute of International and Strategic Studies.
|
| 852 |
4 |
|
|a Ayesha Abed Library
|j General shelf
|
| 999 |
|
|
|c 6195
|d 6195
|
| 952 |
|
|
|0 0
|1 0
|2 ddc
|4 0
|6 303_609540000000000_GLO_2007
|7 0
|9 6215
|a BRACUL
|b BRACUL
|c GEN
|d 2009-12-19
|g 255.00
|l 3
|m 43
|o 303.60954 GLO
|p 3010016625
|r 2025-12-10
|s 2025-05-06
|t 1
|v 510.00
|w 2009-12-19
|y BK
|